| 000 | 01231nam a2200313Ia 4500 | ||
|---|---|---|---|
| 001 | ebr10677052 | ||
| 003 | CaPaEBR | ||
| 006 | m u | ||
| 007 | cr cn||||||||| | ||
| 008 | 081113s2008 enk sb 100 0 eng d | ||
| 010 | _z 2008472362 | ||
| 020 | _z9781847186065 | ||
| 020 | _z1847186068 | ||
| 020 | _z9781443810272 | ||
| 040 |
_aCaPaEBR _cCaPaEBR |
||
| 035 | _a(OCoLC)607705372 | ||
| 050 | 1 | 4 |
_aDS422.C3 _bD45 2008eb |
| 245 | 0 | 0 |
_aDevelopment of scheduled castes and scheduled tribes in India _h[electronic resource] / _cedited by Jagan Karade. |
| 260 |
_aNewcastle, UK : _bCambridge Scholars Pub., _c2008. |
||
| 300 | _ax, 210 p. | ||
| 504 | _aIncludes bibliographical references. | ||
| 533 |
_aElectronic reproduction. _bPalo Alto, Calif. : _cebrary, _d2013. _nAvailable via World Wide Web. _nAccess may be limited to ebrary affiliated libraries. |
||
| 650 | 0 |
_aDalits _xSocial conditions _vCongresses. |
|
| 651 | 0 |
_aIndia _xScheduled tribes _xSocial conditions _vCongresses. |
|
| 655 | 7 |
_aElectronic books. _2local |
|
| 700 | 1 | _aKarade, Jagan. | |
| 710 | 2 | _aebrary, Inc. | |
| 856 | 4 | 0 |
_uhttp://site.ebrary.com/lib/rucke/Doc?id=10677052 _zAn electronic book accessible through the World Wide Web; click to view |
| 999 |
_c58809 _d58809 |
||